000 00686nam a22001817a 4500
005 20251108165424.0
008 250721s1990 xx 000 0 ara d
082 1 4 _a306.956/علي
100 1 _aعلي، نبيل
245 1 0 _aالثقافة العربية و عصر المعلومات :
_bرؤية لمستقبل الخطاب الثقافي العربي /
264 1 _aالكويت :
_bالمجلس الوطني للثقافة و الفنون،
_c1990.
300 _a576ص.
490 0 _aسلسلة كتب ثقافية شهرية يصدرها المجلس
650 1 7 _aالثقافة العربية
650 1 7 _aالفكر العربي
942 _2ddc
_cBK
999 _c27548
_d27548